01443nam a22003497a 4500003000400000005001700004008004100021040002200062082001800084100003000102245003000132260006000162300002100222366000800243490003200251505001200283505005800295505003600353505011900389505001200508650006000520650005200580650005300632650004300685650004500728650005600773650004700829700003600876942002900912999001500941952013700956OSt20230621135229.0221006b |||||||| |||| 00| 0 eng d cBiblioteca Lado V a709.05bG851a 9855aGriffin, Timeeditor aArtforum/bInternacional/ aNew Yorkc2015bNew York editorial and business offices c26.5x27cma414p. espa aSeptiembrev2015x0864-1315 tLETTERS tCOLUMNSaPASSAGES FILM MUSIC SOUND SLANT TOP TEN tPREVIEWSaFALL 2015 EXHIBITIONS tFEATURESgVENICE 2015 1000 WORDS DREAM WORK BROUGHT TO LIGHT PARALLAX PLURALITY GROUNDS FOR ACTIONS OPENINGS tREVIEWS 2Tesauro de Arte & ArquitecturaaARTE COMTEMPORANEO9703 2Tesauro de Arte & ArquitecturaaFOTOGRAFIA9702 2Tesauro de Arte & ArquitecturaaARTE VISUAL9702 2Tesauro de Arte & ArquitecturaaLIBROS 2Tesauro de Arte & ArquitecturaaNOTICIAS 2 Tesauro de Arte & ArquitecturaaARTE INTERNACIONAL 2 Tesauro de Arte & ArquitecturaaESCULTURA aNavarreta, Jose Antonioeeditor 2ddcc1h709.05iG851an0 c3907d3907 00102ddc3201540708RevistasaLVbLVd2023-06-21hSeptiembrei002897l0o709.05 G851ap002897r2023-06-21 00:00:00w2023-06-21y1